Joueur de foot par image 2 (difficile) - Statistiques

Statistiques générales
  • Ce quiz a été pris 283 fois
  • Le résultat moyen est 10 sur 20
Statistiques - réponses
Par images Réponse % Correct
Maxwell
79%
Abedi Pele
71%
Folarin Balogun
68%
Juan Sebastián Verón
67%
Adam Lallana
64%
Nenê
64%
Dida
63%
Marco Materazzi
60%
Jairzinho
59%
Karembeu
55%
Evan Ndicka
54%
Rui Costa
46%
Johann Lepenant
42%
Ryan Kent
36%
Carlo Ancelotti
32%
Martín Demichelis
31%
Longstaff
30%
Sokratis Papastathopoulos
20%
Nikola Milenković
19%
Karl-Heinz Rummenigge
9%
Aucun quiz correspondant
Distribution des résultats
% des personnes avec chaque résultat
Percentile par nombre de réponses
Votre historique - résultats
Vous n’avez pas pris ce quiz